[Event "Japfa GM 2015"]
[Site "Jakarta INA"]
[Date "2015.04.15"]
[Round "1.1"]
[White "Purnama, Tirta Chandra"]
[Black "Aulia, Medina Warda"]
[Result "0-1"]
[WhiteTitle "IM"]
[BlackTitle "WGM"]
[WhiteElo "2393"]
[BlackElo "2404"]
[WhiteFideId "7101422"]
[BlackFideId "7101570"]
[EventDate "2015.04.15"]

1. d4 e6 2. c4 Nf6 3. Nf3 b6 4. a3 Ba6 5. e3 c6 6. b4 d5 7. b5 cxb5 8. cxb5 Bb7
9. Bb2 Nbd7 10. Bd3 Ne4 11. O-O Bd6 12. Ne5 Nxe5 13. dxe5 Be7 14. Nc3 O-O 15.
Ne2 Nc5 16. Bc2 Qd7 17. a4 f6 18. Nf4 fxe5 19. Bxe5 Bf6 20. Qd4 Rac8 21. Rfd1
Qf7 22. a5 Nd7 23. Bxf6 Rxc2 24. Bxg7 Rfc8 25. Bh6 e5 26. Qd3 R8c3 27. Qf1 exf4
28. Rd4 Qg6 29. Bxf4 Nc5 30. axb6 Nb3 31. bxa7 Nxa1 32. e4 Nb3 33. Ra4 Ba8 0-1

[Event "Japfa GM 2015"]
[Site "Jakarta INA"]
[Date "2015.04.15"]
[Round "1.2"]
[White "Nguyen, Anh Dung"]
[Black "Sukandar, Irine Kharisma"]
[Result "1-0"]
[WhiteTitle "GM"]
[BlackTitle "IM"]
[WhiteElo "2461"]
[BlackElo "2415"]
[WhiteFideId "12400025"]
[BlackFideId "7101937"]
[EventDate "2015.04.15"]

1. d4 Nf6 2. c4 e6 3. Nf3 b6 4. g3 Bb4+ 5. Bd2 Be7 6. Bg2 c6 7. O-O d5 8. b3 O-O
9. Bc3 a5 10. Nbd2 Ba6 11. Ne5 Nfd7 12. Nd3 b5 13. Qc2 Qc7 14. Rfc1 Rc8 15. a4
bxc4 16. bxc4 dxc4 17. Nb2 Nf6 18. Nbxc4 Bxc4 19. Nxc4 Nd5 20. Bd2 Nd7 21. Rab1
Bb4 22. e4 Bxd2 23. Qxd2 Nb4 24. Nxa5 Qxa5 25. Rxb4 h6 26. e5 Rcb8 27. Rxb8+
Nxb8 28. Qxa5 Rxa5 29. Rb1 Ra8 30. Kf1 Kf8 31. Ke2 Ke8 32. Rb7 Kd8 33. Ke3 g5
34. Bf3 Kc8 35. Rxf7 Rxa4 36. Bg4 1-0

[Event "Japfa GM 2015"]
[Site "Jakarta INA"]
[Date "2015.04.15"]
[Round "1.3"]
[White "Milliet, Sophie"]
[Black "Farid, Firman Syah"]
[Result "1/2-1/2"]
[WhiteTitle "IM"]
[BlackTitle "IM"]
[WhiteElo "2377"]
[BlackElo "2422"]
[WhiteFideId "623725"]
[BlackFideId "7102526"]
[EventDate "2015.04.15"]

1. e4 e5 2. Nf3 Nc6 3. Bb5 a6 4. Ba4 Nf6 5. O-O b5 6. Bb3 Bc5 7. c3 d6 8. a4 Rb8
9. d4 Bb6 10. Na3 O-O 11. axb5 axb5 12. Nxb5 Bg4 13. Bc2 exd4 14. Nbxd4 Nxd4 15.
cxd4 Bxf3 16. gxf3 Nh5 17. Kh1 Qf6 18. Be3 Ra8 19. Rxa8 Rxa8 20. Rg1 Nf4 21. Bb3
Ne6 22. Bd5 Rb8 23. Bxe6 Qxe6 24. Rg3 Ra8 25. d5 Qf6 26. Bxb6 cxb6 27. Qc1 h5
28. Qc3 Qxc3 29. bxc3 Ra2 30. Kg2 Ra4 31. Kf1 Rc4 32. Ke2 Rxc3 33. Rg1 Rc2+ 34.
Ke3 Rc3+ 35. Kf4 b5 36. Rb1 Rc5 37. Kg5 Rc2 38. Kxh5 Rxf2 39. Kg4 Rxh2 40. Rxb5
Kf8 41. Rb7 Ke8 42. Kf4 Re2 43. Ra7 1/2-1/2

[Event "Japfa GM 2015"]
[Site "Jakarta INA"]
[Date "2015.04.15"]
[Round "1.4"]
[White "Antonio, Rogelio Jr"]
[Black "Ali, Muhammad Lutfi"]
[Result "1/2-1/2"]
[WhiteTitle "GM"]
[BlackTitle "FM"]
[WhiteElo "2504"]
[BlackElo "2401"]
[WhiteFideId "5200032"]
[BlackFideId "7103743"]
[EventDate "2015.04.15"]

1. e4 g6 2. d4 Bg7 3. Nc3 a6 4. h4 h5 5. Nh3 d6 6. Ng5 b5 7. a4 b4 8. Nd5 a5 9.
Bc4 e6 10. Nf4 Nh6 11. f3 O-O 12. Be3 c6 13. Bd3 d5 14. e5 c5 15. c3 bxc3 16.
bxc3 Nc6 17. Kf2 cxd4 18. cxd4 Nb4 19. Bb1 Ra6 20. Qd2 Bd7 21. Nd3 Nf5 22. Nxb4
axb4 23. Bxf5 gxf5 24. Qxb4 f6 25. exf6 Qxf6 26. f4 Rfa8 27. a5 Qd8 28. Rhb1 Bf8
29. Qd2 Rxa5 30. Rxa5 Rxa5 31. Qe2 Qe8 32. Rb6 Rb5 33. Ra6 Rb1 34. Ra7 Rb6 35.
Qf3 Rb2+ 36. Kg1 Rb3 37. Qg3 Bg7 38. Kh2 Rb4 39. Bd2 Ra4 40. Rb7 Ra6 41. Qb3 Rc6
42. Be3 Bf6 43. Bf2 Bc8 44. Ra7 Ra6 45. Rc7 Rc6 46. Ra7 Ra6 47. Rc7 Rc6 48. Ra7
Ra6 1/2-1/2

[Event "Japfa GM 2015"]
[Site "Jakarta INA"]
[Date "2015.04.15"]
[Round "1.5"]
[White "Tiviakov, Sergei"]
[Black "L'Ami, Alina"]
[Result "1/2-1/2"]
[WhiteTitle "GM"]
[BlackTitle "IM"]
[WhiteElo "2662"]
[BlackElo "2393"]
[WhiteFideId "1008013"]
[BlackFideId "1210246"]
[EventDate "2015.04.15"]

1. e4 c5 2. Nf3 d6 3. Bb5+ Bd7 4. Bxd7+ Qxd7 5. c4 Nf6 6. Nc3 g6 7. d4 cxd4 8.
Nxd4 Bg7 9. f3 O-O 10. Be3 Nc6 11. O-O a6 12. a4 e6 13. Rc1 Ne5 14. Qe2 Rfc8 15.
b3 d5 16. cxd5 exd5 17. f4 Neg4 18. e5 Ne4 19. Nxe4 dxe4 20. Rcd1 Rc3 21. e6
fxe6 22. Qxg4 Rxe3 23. Nxe6 Rd3 24. Rde1 Re8 25. Rxe4 Rd6 26. Rfe1 Bc3 27. R1e2
Rd1+ 28. Kf2 Bd4+ 29. Nxd4 Qxg4 30. Rxe8+ Kg7 31. R8e7+ Kg8 32. Re8+ 1/2-1/2

[Event "Japfa GM 2015"]
[Site "Jakarta INA"]
[Date "2015.04.15"]
[Round "1.6"]
[White "Sean, Winshand Cuhendi"]
[Black "Gopal, G.N."]
[Result "1-0"]
[WhiteTitle "IM"]
[BlackTitle "GM"]
[WhiteElo "2428"]
[BlackElo "2575"]
[WhiteFideId "7101554"]
[BlackFideId "5015693"]
[EventDate "2015.04.15"]

1. e4 c5 2. Nf3 e6 3. d4 cxd4 4. Nxd4 Nc6 5. Nc3 Qc7 6. Be3 a6 7. Qf3 Ne5 8. Qg3
h5 9. h4 d6 10. O-O-O Bd7 11. Kb1 Nf6 12. f3 b5 13. Bd3 Rc8 14. Rhe1 Qb7 15. Bg5
b4 16. Nce2 a5 17. Nc1 a4 18. f4 Nxd3 19. Qxd3 Ng4 20. Re2 e5 21. fxe5 dxe5 22.
Nf5 f6 23. Bd2 Qc7 24. Be1 Bxf5 25. exf5 Qc6 26. Re4 Be7 27. b3 axb3 28. cxb3
Qb7 29. Qd5 Qa6 30. Qd7+ Kf7 31. Bxb4 Rhe8 32. Rd6 Qf1 1-0

[Event "Japfa GM 2015"]
[Site "Jakarta INA"]
[Date "2015.04.16"]
[Round "2.1"]
[White "Aulia, Medina Warda"]
[Black "Gopal, G.N."]
[Result "1/2-1/2"]
[WhiteTitle "WGM"]
[BlackTitle "GM"]
[WhiteElo "2404"]
[BlackElo "2575"]
[WhiteFideId "7101570"]
[BlackFideId "5015693"]
[EventDate "2015.04.15"]

1. e4 c5 2. Nf3 d6 3. d4 cxd4 4. Nxd4 Nf6 5. Nc3 a6 6. Be2 e6 7. O-O Be7 8. Be3
Nc6 9. f4 O-O 10. Qe1 Nxd4 11. Bxd4 b5 12. a3 Bb7 13. Qg3 g6 14. Bf3 a5 15. Rae1
Rc8 16. Nxb5 Rxc2 17. Rf2 Rxf2 18. Qxf2 Nd7 19. Rd1 Bc6 20. a4 Qa8 21. Bc3 Bxe4
22. Qd4 Nf6 23. Bxe4 Qxe4 24. Bxa5 d5 25. Bb6 Qc2 26. Ra1 Nd7 27. Qf2 Qc4 28.
Ba7 Ra8 29. Qd4 Qc6 30. Kh1 h5 31. h3 h4 32. Qd1 Qb7 33. Bd4 Nc5 1/2-1/2

[Event "Japfa GM 2015"]
[Site "Jakarta INA"]
[Date "2015.04.16"]
[Round "2.2"]
[White "L'Ami, Alina"]
[Black "Sean, Winshand Cuhendi"]
[Result "1/2-1/2"]
[WhiteTitle "IM"]
[BlackTitle "IM"]
[WhiteElo "2393"]
[BlackElo "2428"]
[WhiteFideId "1210246"]
[BlackFideId "7101554"]
[EventDate "2015.04.15"]

1. d4 Nf6 2. c4 g6 3. Nf3 Bg7 4. g3 O-O 5. Bg2 d6 6. O-O Nc6 7. Nc3 a6 8. Bf4
Bg4 9. h3 Bxf3 10. Bxf3 Nd7 11. Bxc6 bxc6 12. Qd2 e5 13. Bg5 Qc8 14. d5 Nb6 15.
dxc6 Qxh3 16. b3 f5 17. Be3 f4 18. Bxb6 fxg3 19. fxg3 Qxg3+ 20. Kh1 Qh3+ 21. Kg1
cxb6 22. Nd5 e4 23. Rad1 Be5 24. e3 Rf3 25. Rxf3 exf3 26. Rf1 Qg3+ 27. Kh1 Rf8
28. c7 Qh3+ 29. Kg1 f2+ 30. Rxf2 Bh2+ 31. Kh1 Bg3+ 32. Kg1 Bxf2+ 33. Qxf2 Rxf2
34. Kxf2 Qf5+ 35. Ke2 Qc2+ 36. Kf3 Qd1+ 37. Kf2 Qd2+ 38. Kf3 1/2-1/2

[Event "Japfa GM 2015"]
[Site "Jakarta INA"]
[Date "2015.04.16"]
[Round "2.3"]
[White "Ali, Muhammad Lutfi"]
[Black "Tiviakov, Sergei"]
[Result "0-1"]
[WhiteTitle "FM"]
[BlackTitle "GM"]
[WhiteElo "2401"]
[BlackElo "2662"]
[WhiteFideId "7103743"]
[BlackFideId "1008013"]
[EventDate "2015.04.15"]

1. e4 d5 2. exd5 Qxd5 3. Nc3 Qd6 4. d4 c6 5. Nf3 Bf5 6. g3 Nf6 7. Bg2 e6 8. O-O
h6 9. a3 Be7 10. Bf4 Qd8 11. Qe2 O-O 12. Rfd1 Nbd7 13. Ne5 Rc8 14. Rac1 Re8 15.
h3 Nd5 16. Nxd5 exd5 17. c4 Nf6 18. g4 Bh7 19. Re1 Bf8 20. g5 hxg5 21. Bxg5 Qd6
22. cxd5 Nxd5 23. Qg4 Rc7 24. h4 Nf6 25. Qf4 Nd5 26. Qg4 Nf6 27. Qf4 Rce7 28. h5
Nxh5 29. Bxe7 Nxf4 30. Bxd6 Bxd6 31. Nc4 Rxe1+ 32. Rxe1 Bf8 33. Be4 f5 34. Bc2
g6 35. Bb3 Kg7 36. Na5 c5 37. Nxb7 cxd4 38. Nd8 d3 39. Ne6+ Nxe6 40. Bxe6 d2 41.
Rd1 Kf6 42. Bb3 Bh6 43. Kg2 Bf4 44. Rh1 Kg7 45. Rh3 Bg8 46. Bd1 Kf6 47. Rc3 Bd5+
48. Kf1 g5 49. Rc5 Ke6 50. Ra5 Bc4+ 51. Kg1 a6 52. Rc5 Bd5 53. Ra5 Bc4 54. b4
Bd6 55. Bc2 Bb5 56. a4 Bxb4 57. axb5 Bxa5 58. bxa6 Bb6 59. Kf1 g4 60. Ke2 f4 61.
Kxd2 Bxf2 62. Ke2 Ba7 63. Be4 Kf6 64. Bc6 Kg5 65. Kd3 Kh4 66. Ke4 f3 67. Kf4
Bb8+ 68. Ke4 Kh3 69. Ke3 Ba7+ 70. Kf4 f2 71. Bb5 g3 0-1

[Event "Japfa GM 2015"]
[Site "Jakarta INA"]
[Date "2015.04.16"]
[Round "2.4"]
[White "Farid, Firman Syah"]
[Black "Antonio, Rogelio Jr"]
[Result "1/2-1/2"]
[WhiteTitle "IM"]
[BlackTitle "GM"]
[WhiteElo "2422"]
[BlackElo "2504"]
[WhiteFideId "7102526"]
[BlackFideId "5200032"]
[EventDate "2015.04.15"]

1. d4 Nf6 2. Nf3 e6 3. c4 c5 4. d5 exd5 5. cxd5 d6 6. Nc3 a6 7. a4 g6 8. Nd2
Nbd7 9. e4 Bg7 10. Be2 O-O 11. O-O Ne8 12. Nc4 Ne5 13. Ne3 f5 14. f4 Nf7 15.
exf5 gxf5 16. Bd3 Nh6 17. Qc2 b6 18. Ne2 Ra7 19. Bd2 Qh4 20. Kh1 Re7 21. Ng3
Rxe3 22. Bxe3 Ng4 23. Bg1 Bd4 24. h3 Bxg1 25. Kxg1 Ne3 26. Qf2 Nxf1 27. Rxf1 Nc7
28. Re1 b5 29. axb5 axb5 30. b3 Qf6 1/2-1/2

[Event "Japfa GM 2015"]
[Site "Jakarta INA"]
[Date "2015.04.16"]
[Round "2.5"]
[White "Sukandar, Irine Kharisma"]
[Black "Milliet, Sophie"]
[Result "1/2-1/2"]
[WhiteTitle "IM"]
[BlackTitle "IM"]
[WhiteElo "2415"]
[BlackElo "2377"]
[WhiteFideId "7101937"]
[BlackFideId "623725"]
[EventDate "2015.04.15"]

1. e4 d6 2. d4 Nf6 3. Nc3 e5 4. Nf3 Nbd7 5. Bc4 Be7 6. O-O O-O 7. a4 exd4 8.
Nxd4 Nb6 9. Ba2 a5 10. h3 Nfd7 11. Be3 Nc5 12. Qh5 g6 13. Qf3 Bg5 14. Rfd1 Bxe3
15. Qxe3 Qe7 16. Nf3 Be6 17. Bxe6 fxe6 18. e5 d5 19. b3 c6 20. Ne2 Nbd7 21. Ng3
Rf7 22. Ng5 Rg7 23. Rd4 Rf8 24. Re1 Qd8 25. h4 Qe7 26. Qd2 Qd8 27. Rg4 Qc7 28.
Qe3 Qd8 29. Nf3 Qe8 30. Qd2 Qd8 31. Re2 Kh8 32. Qh6 Qe7 33. Ng5 b5 34. Nf3 bxa4
35. bxa4 Nb6 36. Nd4 Qd7 37. Rxg6 Rfg8 38. Rxg7 Qxg7 39. Qxg7+ Rxg7 40. Nxc6 Rg4
41. Nxa5 Rxh4 42. Nc6 Rxa4 43. Nh5 Nc4 44. Nf6 Kg7 45. f4 Na3 46. Re3 Ne4 47.
Nxe4 dxe4 48. Nd8 Nxc2 49. Nxe6+ Kg6 50. Re2 Nd4 51. Nxd4 Rxd4 52. Kf2 Kf5 53.
g3 h5 54. Ra2 h4 55. gxh4 Kxf4 56. e6 Rd6 57. e7 Re6 58. Ra7 e3+ 59. Ke2 Kg4 60.
Ra4+ Kh5 61. Ra3 Rxe7 62. Rxe3 Rxe3+ 63. Kxe3 Kxh4 64. Ke4 1/2-1/2

[Event "Japfa GM 2015"]
[Site "Jakarta INA"]
[Date "2015.04.16"]
[Round "2.6"]
[White "Purnama, Tirta Chandra"]
[Black "Nguyen, Anh Dung"]
[Result "0-1"]
[WhiteTitle "IM"]
[BlackTitle "GM"]
[WhiteElo "2393"]
[BlackElo "2461"]
[WhiteFideId "7101422"]
[BlackFideId "12400025"]
[EventDate "2015.04.15"]

1. d4 d5 2. c4 c6 3. Nc3 Nf6 4. e3 a6 5. a4 e6 6. Nf3 c5 7. cxd5 exd5 8. Ne5 Nc6
9. Be2 Bd6 10. Nxc6 bxc6 11. O-O O-O 12. Qc2 cxd4 13. exd4 h6 14. a5 Re8 15. Bf3
Ng4 16. Bxg4 Bxg4 17. h3 Bd7 18. f4 c5 19. Qf2 cxd4 20. Qxd4 Rc8 21. Qxd5 Bc6
22. Qh5 Bb8 23. Rd1 Qf6 24. Kh1 Rcd8 25. Rf1 Rd3 26. Kh2 Bd6 27. Rb1 g6 28. Qxh6
Qf5 29. Ra1 Rxc3 30. bxc3 Re2 31. Rg1 Qd5 0-1

[Event "Japfa GM 2015"]
[Site "Jakarta INA"]
[Date "2015.04.16"]
[Round "3.1"]
[White "Nguyen, Anh Dung"]
[Black "Aulia, Medina Warda"]
[Result "1/2-1/2"]
[WhiteTitle "GM"]
[BlackTitle "WGM"]
[WhiteElo "2461"]
[BlackElo "2404"]
[WhiteFideId "12400025"]
[BlackFideId "7101570"]
[EventDate "2015.04.15"]

1. d4 e6 2. c4 Nf6 3. Nf3 b6 4. g3 Bb4+ 5. Bd2 Be7 6. Bg2 Bb7 7. Nc3 O-O 8. O-O
d5 9. Ne5 c6 10. Bf4 Nh5 11. Bc1 Nf6 12. e4 dxc4 13. Nxc4 Ba6 14. b3 b5 15. Ne5
b4 16. Ne2 Qc8 17. Qc2 c5 18. d5 exd5 19. exd5 Bd6 20. Nc4 Bxc4 21. Qxc4 Nbd7
22. Bf4 Ne5 23. Bxe5 Bxe5 24. Rac1 Bd6 25. Nf4 Qf5 26. Nd3 Rac8 27. Rc2 Rfd8 28.
Rd1 h5 29. Re2 a5 30. h3 Bb8 31. Ne1 Bd6 1/2-1/2

[Event "Japfa GM 2015"]
[Site "Jakarta INA"]
[Date "2015.04.16"]
[Round "3.2"]
[White "Milliet, Sophie"]
[Black "Purnama, Tirta Chandra"]
[Result "1/2-1/2"]
[WhiteTitle "IM"]
[BlackTitle "IM"]
[WhiteElo "2377"]
[BlackElo "2393"]
[WhiteFideId "623725"]
[BlackFideId "7101422"]
[EventDate "2015.04.15"]

1. e4 c5 2. Nf3 e6 3. d4 cxd4 4. Nxd4 a6 5. c4 Nf6 6. Nc3 Bb4 7. Qd3 d5 8. exd5
exd5 9. Be2 O-O 10. O-O Bxc3 11. bxc3 Nbd7 12. Bf4 Re8 13. Rfd1 Nc5 14. Qc2 Bd7
15. Nb3 Qc8 16. Nxc5 Qxc5 17. Rd4 Ba4 18. Qd3 dxc4 19. Qxc4 Qe7 20. Qxa4 Qxe2
21. Qd1 Qxd1+ 22. Raxd1 Rac8 23. c4 h6 24. f3 Rc6 25. Kf2 Kh7 26. Bd6 Rec8 27.
Rb1 Rxc4 28. Rxc4 Rxc4 29. Rxb7 Rc2+ 30. Kg3 Kg6 31. a3 Nd5 32. Kh3 Rc6 33. Bb8
Rc3 34. Bd6 Rc6 35. Be5 Re6 36. Bb8 Re3 37. Bd6 Re6 38. Bb8 Re3 39. Bd6 Re6 1/2-1/2

[Event "Japfa GM 2015"]
[Site "Jakarta INA"]
[Date "2015.04.16"]
[Round "3.3"]
[White "Antonio, Rogelio Jr"]
[Black "Sukandar, Irine Kharisma"]
[Result "0-1"]
[WhiteTitle "GM"]
[BlackTitle "IM"]
[WhiteElo "2504"]
[BlackElo "2415"]
[WhiteFideId "5200032"]
[BlackFideId "7101937"]
[EventDate "2015.04.15"]

1. e4 e5 2. Nf3 Nc6 3. Nc3 Nf6 4. d4 exd4 5. Nxd4 Bb4 6. Nxc6 bxc6 7. Bd3 O-O 8.
O-O d5 9. exd5 cxd5 10. h3 c6 11. Qf3 Bd6 12. Bf4 Rb8 13. b3 Qc7 14. Bxd6 Qxd6
15. Rfe1 Be6 16. Ne2 c5 17. Rad1 Qc7 18. Nf4 Rfe8 19. c4 d4 20. Nxe6 Rxe6 21.
Rxe6 fxe6 22. Re1 Re8 23. Re2 Re7 24. g4 Nd7 25. Qe4 Nf8 26. h4 Rf7 27. h5 Rf4
28. Qg2 Qe7 29. Re4 Qg5 30. Rxf4 Qxf4 31. Qe4 Qxe4 32. Bxe4 h6 33. f4 Kf7 34.
Kf2 Kf6 35. Kf3 e5 36. Bf5 a5 37. Ke4 exf4 38. Kxf4 g6 39. hxg6 Nxg6+ 40. Ke4
Ne5 41. Kf4 a4 42. bxa4 Nxc4 43. Bc2 Ke7 44. Bd3 Nb2 45. Bf5 Nxa4 46. Ke5 Nb2
47. a4 Nxa4 48. Kd5 Kf6 0-1

[Event "Japfa GM 2015"]
[Site "Jakarta INA"]
[Date "2015.04.16"]
[Round "3.4"]
[White "Tiviakov, Sergei"]
[Black "Farid, Firman Syah"]
[Result "1/2-1/2"]
[WhiteTitle "GM"]
[BlackTitle "IM"]
[WhiteElo "2662"]
[BlackElo "2422"]
[WhiteFideId "1008013"]
[BlackFideId "7102526"]
[EventDate "2015.04.15"]

1. e4 e5 2. Nf3 Nc6 3. Bc4 Nf6 4. d3 Bc5 5. c3 O-O 6. Bb3 d5 7. Qe2 a5 8. a4 Re8
9. Bg5 dxe4 10. dxe4 h6 11. Bh4 Be6 12. Bc2 Be7 13. Nbd2 Qd6 14. O-O Qc5 15. Qb5
Nd7 16. Bg3 Bd6 17. Rfd1 Ra6 18. Qe2 Raa8 19. Bb3 Bxb3 20. Nxb3 Qb6 21. Qb5 Qa6
22. Nfd2 Nf6 23. f3 Qa7+ 24. Bf2 Qb8 25. Nc4 Bf8 26. Ne3 Re6 27. Nd5 b6 28.
Nxf6+ Rxf6 29. Rd5 Qe8 30. Rad1 Re6 31. Qc4 Be7 32. Na1 Rd8 33. Nc2 Red6 34. Ne3
g6 35. Rxd6 Rxd6 36. Nd5 Bd8 37. b4 Kg7 38. Qb3 Qd7 39. b5 Ne7 40. c4 c6 41.
bxc6 Qxc6 42. Rb1 Nc8 43. Rc1 Re6 44. c5 Ne7 45. Rc2 bxc5 46. Bxc5 Qa6 47. Bxe7
Bxe7 48. h3 Rc6 49. Kh2 Bc5 50. Rc1 Bd4 51. Nc7 Rb6 52. Qc2 Qb7 53. Nb5 Qe7 54.
Qd2 Qb4 55. Qd1 Rb7 56. Rb1 Qc4 57. Qb3 Qc8 58. Qd5 Rd7 59. Nd6 Qd8 60. Rb7 Rxb7
61. Nf5+ gxf5 62. Qxd8 f4 63. h4 Ra7 64. Kh3 Bc3 65. Kg4 Ra6 66. Qc7 Bd4 67. Kh5
Rg6 68. Qxa5 Rxg2 69. Qd5 Rg3 70. a5 Rxf3 71. Qd6 Rg3 72. Qxh6+ Kg8 73. Qc6 f3
74. a6 f2 75. a7 Bxa7 76. Qe8+ Kg7 77. Qxe5+ Kh7 78. Qf4 Rg7 79. Qf6 Kg8 80.
Qd8+ Kh7 81. Qf6 Bd4 82. e5 Kg8 83. Qd8+ Kh7 84. Qf6 Kg8 85. Qd8+ 1/2-1/2

[Event "Japfa GM 2015"]
[Site "Jakarta INA"]
[Date "2015.04.16"]
[Round "3.5"]
[White "Sean, Winshand Cuhendi"]
[Black "Ali, Muhammad Lutfi"]
[Result "1/2-1/2"]
[WhiteTitle "IM"]
[BlackTitle "FM"]
[WhiteElo "2428"]
[BlackElo "2401"]
[WhiteFideId "7101554"]
[BlackFideId "7103743"]
[EventDate "2015.04.15"]

1. e4 c5 2. Nf3 Nc6 3. d4 cxd4 4. Nxd4 g6 5. c4 Nf6 6. Nc3 Nxd4 7. Qxd4 d6 8.
Be2 Bg7 9. Be3 O-O 10. Qd2 Be6 11. Rc1 Qa5 12. f3 Rfc8 13. b3 a6 14. Na4 Qxd2+
15. Kxd2 Nd7 16. g4 f5 17. exf5 gxf5 18. h3 Rf8 19. f4 Rad8 20. Nc3 d5 21. gxf5
Rxf5 22. cxd5 Nf6 23. Ke1 Nxd5 24. Nxd5 Rfxd5 25. Rc7 R5d7 26. Rxd7 Rxd7 27. Bg4
Rd6 28. Ke2 Bxg4+ 29. hxg4 e6 30. Rc1 Rd7 31. Kf3 Kf7 32. Ke4 Bf6 33. Rh1 Kg6
34. Rc1 Kf7 35. Rc8 Bg7 36. Rc1 Bf6 37. Rh1 Kg6 38. Rc1 Kf7 39. Rh1 Kg6 40. Rc1 1/2-1/2

[Event "Japfa GM 2015"]
[Site "Jakarta INA"]
[Date "2015.04.16"]
[Round "3.6"]
[White "Gopal, G.N."]
[Black "L'Ami, Alina"]
[Result "1-0"]
[WhiteTitle "GM"]
[BlackTitle "IM"]
[WhiteElo "2575"]
[BlackElo "2393"]
[WhiteFideId "5015693"]
[BlackFideId "1210246"]
[EventDate "2015.04.15"]

1. e4 e6 2. d4 d5 3. Nc3 Bb4 4. e5 c5 5. a3 Bxc3+ 6. bxc3 Ne7 7. h4 Qa5 8. Bd2
Qa4 9. h5 b6 10. h6 gxh6 11. Bxh6 Ba6 12. Qd2 Bxf1 13. Kxf1 Nd7 14. Ne2 Rc8 15.
Rc1 Qxa3 16. Kg1 Nf5 17. Bf4 cxd4 18. cxd4 h5 19. Rh3 Qf8 20. Rc3 Rxc3 21. Qxc3
Qg7 22. Qc8+ Ke7 23. Qa6 h4 24. Qa3+ Kd8 25. Qxa7 h3 26. g3 h2+ 27. Kh1 Rh3 28.
Qa8+ Ke7 29. Qa3+ Kd8 30. c4 dxc4 31. Rxc4 Qg6 32. Qa8+ Ke7 33. Qa3+ Kd8 34. Rc1
Nh4 35. Qa8+ Ke7 36. gxh4 Rxh4 37. Qa3+ Kd8 38. Bg3 Rh3 39. Qa8+ Ke7 40. Nf4 1-0

[Event "Japfa GM 2015"]
[Site "Jakarta INA"]
[Date "2015.04.17"]
[Round "4.1"]
[White "Aulia, Medina Warda"]
[Black "L'Ami, Alina"]
[Result "0-1"]
[WhiteTitle "WGM"]
[BlackTitle "IM"]
[WhiteElo "2404"]
[BlackElo "2393"]
[WhiteFideId "7101570"]
[BlackFideId "1210246"]
[EventDate "2015.04.15"]

1. e4 e6 2. d4 d5 3. Nd2 Nf6 4. e5 Nfd7 5. Bd3 c5 6. c3 Nc6 7. Ne2 cxd4 8. cxd4
f6 9. exf6 Nxf6 10. Nf3 Bd6 11. O-O O-O 12. Bf4 Bxf4 13. Nxf4 Ne4 14. Ne2 Rxf3
15. gxf3 Ng5 16. f4 Nh3+ 17. Kh1 Qh4 18. Qe1 Nxf4 19. Nxf4 Qxf4 20. Qe3 Qxd4 21.
Qxd4 Nxd4 22. f4 Bd7 23. Rad1 Rf8 24. Bxh7+ Kxh7 25. Rxd4 e5 26. Rd2 Bc6 27. Kg2
e4 28. Kg3 g5 29. a4 Rf5 30. Rd4 Kg6 31. Rf2 Bd7 32. fxg5 Rxg5+ 33. Kf4 Kf6 34.
a5 a6 35. Rb4 Bc6 36. h4 Rg1 37. h5 Rh1 38. Kg4+ Ke5 39. Rf5+ Kd6 40. Kf4 Kc5
41. Rb3 Kd4 42. Kg5 Be8 43. Kh6 Bd7 44. Rf4 Ke5 45. Rf8 d4 46. Rxb7 Bc6 47. Rb6
Bb5 48. Rff6 e3 49. Rfe6+ Kd5 50. Rbd6+ Kc5 51. b4+ Kc4 52. Kg6 Kc3 53. h6 e2
54. h7 Bd3+ 55. Kg5 Rxh7 0-1

[Event "Japfa GM 2015"]
[Site "Jakarta INA"]
[Date "2015.04.17"]
[Round "4.2"]
[White "Ali, Muhammad Lutfi"]
[Black "Gopal, G.N."]
[Result "1-0"]
[WhiteTitle "FM"]
[BlackTitle "GM"]
[WhiteElo "2401"]
[BlackElo "2575"]
[WhiteFideId "7103743"]
[BlackFideId "5015693"]
[EventDate "2015.04.15"]

1. e4 e5 2. Nf3 Nc6 3. Bb5 g6 4. c3 a6 5. Ba4 d6 6. O-O Bg7 7. Re1 Bd7 8. h3 Nf6
9. d4 O-O 10. Nbd2 Re8 11. Bc2 Qe7 12. Nf1 Qf8 13. a3 Bh6 14. d5 Ne7 15. Ng3 a5
16. Ng5 Bg7 17. Be3 h6 18. Nf3 Nh7 19. c4 b6 20. Rb1 f5 21. exf5 gxf5 22. Bd2
Ng6 23. Bc3 Qf7 24. Qd2 a4 25. Qc1 Kh8 26. Qd2 Rg8 27. Nh5 Nh4 28. Nxh4 Qxh5 29.
Nf3 Bf6 30. Kh1 Rg7 31. Nh2 Rag8 32. Rg1 f4 33. Qd1 Qe8 34. Qd3 Qf7 35. Rbe1 Ng5
36. h4 Nh7 37. g3 Be7 38. Nf3 Bf6 39. gxf4 Rxg1+ 40. Rxg1 Rxg1+ 41. Kxg1 exf4
42. Qxh7+ Qxh7 43. Bxf6+ Qg7+ 44. Bxg7+ Kxg7 45. Kf1 Kf6 46. Ke2 Bg4 47. Bxa4 1-0

[Event "Japfa GM 2015"]
[Site "Jakarta INA"]
[Date "2015.04.17"]
[Round "4.3"]
[White "Farid, Firman Syah"]
[Black "Sean, Winshand Cuhendi"]
[Result "1/2-1/2"]
[WhiteTitle "IM"]
[BlackTitle "IM"]
[WhiteElo "2422"]
[BlackElo "2428"]
[WhiteFideId "7102526"]
[BlackFideId "7101554"]
[EventDate "2015.04.15"]

1. d4 Nf6 2. Nf3 g6 3. g3 Bg7 4. Bg2 O-O 5. O-O d6 6. c4 Nc6 7. Nc3 a6 8. h3 h6
9. e4 e5 10. Be3 Nd7 11. dxe5 Ndxe5 12. Qe2 Nxf3+ 13. Qxf3 Be6 14. Qe2 Ne5 15.
Nd5 b5 16. b3 bxc4 17. bxc4 c6 18. Nb6 Rb8 19. Rab1 Nd7 20. Nxd7 Qxd7 21. c5 d5
22. exd5 Bxd5 23. Rxb8 Rxb8 24. Rd1 Qe6 25. Bxd5 cxd5 26. Qg4 Qc6 27. Qf3 Rd8
28. Rb1 Qe8 29. Rb4 Qc6 30. Rb1 Qc8 31. Rb4 1/2-1/2

[Event "Japfa GM 2015"]
[Site "Jakarta INA"]
[Date "2015.04.17"]
[Round "4.4"]
[White "Sukandar, Irine Kharisma"]
[Black "Tiviakov, Sergei"]
[Result "1-0"]
[WhiteTitle "IM"]
[BlackTitle "GM"]
[WhiteElo "2415"]
[BlackElo "2662"]
[WhiteFideId "7101937"]
[BlackFideId "1008013"]
[EventDate "2015.04.15"]

1. e4 d5 2. exd5 Qxd5 3. Nc3 Qd6 4. d4 c6 5. Nf3 Bf5 6. Ne5 Nd7 7. Nc4 Qf6 8. d5
Ne5 9. dxc6 bxc6 10. Qe2 Nxc4 11. Qxc4 Qe6+ 12. Qxe6 Bxe6 13. Bf4 g6 14. Ba6 Bc8
15. Be2 Bh6 16. Bf3 Bb7 17. Bxh6 Nxh6 18. O-O-O Nf5 19. Rhe1 Rd8 20. Ne4 O-O 21.
Nc5 Ba8 22. g4 Nh4 23. Bh1 Rxd1+ 24. Rxd1 f5 25. g5 f4 26. Be4 Kf7 27. Rd7 a5
28. Ra7 Nf5 29. Nd7 Rd8 30. Bxf5 gxf5 31. Nb6 Kg6 32. Nxa8 e5 33. Nb6 e4 34. Nc4
Kxg5 35. Rxh7 f3 36. h4+ Kg6 37. Rc7 f4 38. Rxc6+ Kf5 39. Nd6+ Rxd6 40. Rxd6 e3
41. h5 1-0